Visualizzazione normale
Vista MARC
- Hendrix Jimi
di Personal Name
Records bibliografici associati: 1
001 - CONTROL NUMBER
- control field: 31813
003 - CONTROL NUMBER IDENTIFIER
- control field: IT-RoPau
005 - DATE AND TIME OF LATEST TRANSACTION
- control field: 20140625111751.0
008 - FIXED-LENGTH DATA ELEMENTS
- fixed length control field: 140625|| aca||aabn | a|a d
040 ## - CATALOGING SOURCE
- Original cataloging agency: IT-RoPau
- Transcribing agency: IT-RoPau
100 ## - HEADING--PERSONAL NAME
- Personal name: Hendrix Jimi
- Miscellaneous information: Codice interprete SPICS: 5532
- Relator term: Interprete
670 ## - SOURCE DATA FOUND
- Source citation: Work cat.: (IT-RoPau)101678: Hendrix Jimi 2655, Experience Hendrix - Best of Jimi Hendrix (The)